000 11796nam a22006737a 4500
005 20110222144147.0
010 _aB-439407-447
020 _c150.00
_a9788189412663
037 _bब्ल्यू बेरी
082 _a509.2
100 _aश्रीवास्तव, सरिता
_930478
245 _aमहान वैज्ञानिकः (जगदीशचन्द्र बसु, डॅा. हरगोविन्द खुराना जेम्स वाट, डॅा. शान्ति स्वरूप भटनागर सी.वी.रमन)
_cसरिता श्रीवास्तव
260 _aदिल्ली
_bआविष्कार प्रकाशन
_c2010
270 _aएल-20/13, गली नं0 5, शिवाजी मार्ग करतार नगर
_bदिल्ली
_e110053
300 _a52पृ.
_bसचित्र
_c24सेमी (सजिल्द)
942 _2ddc
_cCH
_mश्रीवास्त
_h509.2
999 _c50718
_d50718